Miniature per clarinetto basso (fagotto) e pianoforte /
| Main Author: | Vorlová, Sláva, 1894-1973 |
|---|---|
| Language: | No linguistic content |
| Published: |
Praha : Panton, 1966 |
| Edition: | 1. vyd. |
| Series: |
Česká a slovenská komorní hudba
|
| Physical Description: |
8, 8, 22 s. |
| LEADER | 00810ncm a22002412a 4500 | ||
|---|---|---|---|
| 001 | 001251564 | ||
| 003 | CZ BrMZK | ||
| 005 | 20120924123144.0 | ||
| 007 | qu | ||
| 008 | 120202s1966 xr |||||||||||||||||zxx d | ||
| 040 | |a BOA001 |b cze | ||
| 072 | 7 | |a 788 |x Hudba pro dechové nástroje |2 Konspekt |9 9 | |
| 100 | 1 | |a Vorlová, Sláva, |d 1894-1973 |7 jk01150714 |4 cmp | |
| 245 | 1 | 0 | |a Miniature |h [hudebnina] : |b per clarinetto basso (fagotto) e pianoforte / |c Sláva Vorlová |
| 250 | |a 1. vyd. | ||
| 260 | |a Praha : |b Panton, |c 1966 | ||
| 300 | |a 8, 8, 22 s. | ||
| 490 | 1 | |a Česká a slovenská komorní hudba | |
| 830 | 0 | |a Česká a slovenská komorní hudba | |
| 910 | |a BOA001 |b Mus4-0556.874 | ||
| 990 | |a MU | ||
| 991 | |b 201209 | ||
| 996 | 6 | |b 2619103824 |c Mus4-0556.874 |l MZK |r Sklad / do 1 hodiny |n 1 |w 001285639 |u 000010 |a 1 |e BOA001 |j MZK50 |s P | |
English
Čeština 